| 000 | 00430nam a22001697a 4500 | ||
|---|---|---|---|
| 003 | NUST-PNEC | ||
| 005 | 20170116180724.0 | ||
| 008 | 141030b xxu||||| |||| 00| 0 eng d | ||
| 040 | _cPNEC | ||
| 082 | _a621.38 HAR | ||
| 100 |
_9874 _aHarris |
||
| 245 | _aData acquisition | ||
| 260 |
_aMel. Florida, _bHarris Corporation _c1991 |
||
| 300 |
_a1 v. (various pagings) : _bill. ; _c 23 cm. |
||
| 650 | _xEL, EE | ||
| 942 |
_2ddc _cBK |
||
| 999 |
_c61523 _d61523 |
||